Statystyki dla 10 największych państw Europy (populacja)

Kliknij tutaj aby rozwiązać quiz!

Ogólne statystyki

  • Ten quiz został rozwiązany 55 razy
  • Średni wynik to 10 z 10

Statystyki odpowiedzi

PopulacjaPaństwo% Poprawnych
83 783 942Niemcy
100%
37 846 611Polska
100%
60 461 826Włochy
100%
65 273 511Francja
98%
46 754 778Hiszpania
98%
145 934 462Rosja
98%
43 733 762Ukraina
98%
67 886 011Wielka Brytania
98%
19 237 691Rumunia
87%
17 134 872Holandia
73%

Rozkład punktacji

Percentyl według liczby udzielonych odpowiedzi

Procent ludzi z każdym wynikiem

Twoja historia wyników

Nie rozwiązałeś tego quizu